000 00380nam a2200169Ia 4500
005 20241004014949.0
008 240331s9999 xx 000 0 und d
020 _a064619903X
082 _bFER
_a820
100 _aFernando,C
245 0 _aWomen There and here
260 _aAustralia
_bWordlink
_c1994
300 _a86 p .,
650 _aSocial
650 _aWomen
942 _cL
999 _c4343
_d4343